01484nam a22002777a 4500008004400000020001500044082001800059100002000077245007900097246002700176250001800203260005000221300004500271505060800316653002500924653002600949653004100975653001601016653002301032653004701055653002401102653001701126653001201143653003701155710001401192170902s2005 ne||||| |||| 00| 0 eng d a907350166004a709.22bD284i1 aVan Duyn, Edna.13aIf walls had ears :b1984 - 2005 /ceditado por Edna Van Duyn ; De Appel.21aAls nureb oren hadden. a1a edición. aAmsterdam, Países Bajos :bDe Appel,c2005. a704 páginas :bilustraciones en color.0 tFrom a different perspective - introductionrSaskia Bos,tShape shifter: a new internationalismrGavin Jantjes.tInstallation includedrMichael Archer.tBeginning to see the weightrJörg Heiser.tParadigms shiftedrHou Hanru.tArt is a bicthrLuk Lambrecht.tMicro and macro worldsrAnnelie Pohlen.tWhat the point of institutions like De Appel?rCharles Esche.tReflectionsrEdna van Duyn.tPublicationsrDe Appel 1984 - 2005.tKunstenaars artists A - ZrDe Appel 1975 - 2005.tDeelnemers participantsrCuratorial Training Programme 1995 - 2005.tTentoonstellingen exhibitions rDe Appel 1984 - 2005.10aArte contemporáneo10aArte - Países Bajos10aArte - Educación e investigación10aCuraduría10aArte internacional10aOrganizaciones artísticas independientes10aEspacios culturales10aExhibiciones10aEnsayos10aArte - Crítica y apreciación1 aDe Appel.